00502nam a2200181Ia 4500003000400000005001700004008004100021020001800062040000700080041000800087082001900095100002200114245009400136260003900230300001600269365001600285650001900301OSt20230427162958.0210423s2006 xx 000 0 und d a9789812562050 cAL aeng a620.5 MANP223 aMANSOORI (G Ali). aPrinciples of nanotechnology: molecular based study of condensed matter in small systems. aNew JerseybWorld Scientificc2006 axvi,341bPB b3323.4cINR aNanotechnology